El despido en el Código del Trabajo

Salvato in:
Dettagli Bibliografici
Autore principale: Nadal Serri, Daniel (autor)
Natura: Libro
Lingua:spagnolo
Pubblicazione: Santiago Jurídica Ediar-Conosur 1988
Soggetti:
Tags: Aggiungi Tag
Nessun Tag, puoi essere il primo ad aggiungerne!!

MARC

LEADER 00000nam a2200000 a 4500
001 UCV0564
003 CL-VaPUC
008 881025e19880000CL |||||||||||||||||spa|d
082 0 4 |a 344.83018  |b NAD  |2 21 
100 |a Nadal Serri, Daniel  |e autor  |9 295027 
245 1 3 |a El despido en el Código del Trabajo 
300 |a 2 v 
942 |c BK 
945 |d 19881025 00:00:00 
260 |a Santiago  |b Jurídica Ediar-Conosur  |c 1988 
650 0 |a Despido de empleados   |9 254967 
651 7 |a CHILE  |2 CL-VaPUC  |9 295028 
583 |a last modification  |c 19881025 00:00:00  |k Rodrigo Vera 
999 |c 208957  |d 208955 
952 |0 0  |1 0  |4 0  |6 344_830180000000000_NAD_1988  |7 0  |8 A  |9 183991  |a BIBDER  |b BIBDER  |d 2019-11-14  |h v.1  |i 2509598  |o 344.83018 NAD 1988  |p 2509598  |r 2023-01-25  |w 2019-11-14  |y BK  |k DER 
952 |0 0  |1 0  |4 0  |6 344_830180000000000_NAD_1988  |7 0  |8 A  |9 183992  |a BIBDER  |b BIBDER  |d 2019-11-14  |h v.2  |i 2509601  |o 344.83018 NAD 1988  |p 2509601  |r 2023-01-25  |w 2019-11-14  |y BK  |k DER